| 000 | 00636nam a22002297a 4500 | ||
|---|---|---|---|
| 003 | OSt | ||
| 082 |
_a664.003 _bHAL/EN |
||
| 100 | _aHall, W Carl | ||
| 245 | _aEncyclopedia of food engineering | ||
| 260 |
_aConnecticut _bAvi publishing Company _c1971 |
||
| 300 | _a755p | ||
| 440 | _aEncyclopedia of food technology and food science V.1 | ||
| 546 | _aEnglish | ||
| 650 | _aDensity of powdered products | ||
| 650 | _aAeration or mechanical cooling | ||
| 650 | _aDetergents and cleaning | ||
| 650 | _aHeating systems for HTST | ||
| 650 | _aPackaging | ||
| 700 | _aFarrall, A W | ||
| 700 | _aRippen, A L | ||
| 942 |
_2ddc _cREF |
||
| 999 |
_c163149 _d163149 |
||